000
00283nam a2200121Ia 4500
008
240731s9999 xx 000 0 und d
022
_a
1475-5297
245
0
_a
Third Text
260
_b
Routledge
856
_u
https://www.tandfonline.com/loi/ctte20
942
_2
ddc
942
_c
TFEJ
999
_c
80140
_d
80140
945
_a
1
_b
Madushi Gamage
_c
1
_d
Madushi Gamage